000 00362nam a2200157Ia 4500
003 OSt
005 20231229070603.0
008 170523s9999 xx 000 0 und d
020 _a8187495022
040 _cIIMT UNIVERSITY
100 _aARORA- BHATIA
245 0 _aCOMPUTER AND INFORMATION MANAGEMENT
260 _bAM EXCEL
260 _c2001
942 _2ddc
_c02
999 _c1018
_d1018